Score 0/50 Timer 10:00
0 Plays Today
Hint Answer % Correct
Point GuardRajon Rondo
98.2%
Small ForwardLarry Bird
97.2%
Power ForwardKevin Garnett
96.3%
CenterBill Russell
95.4%
Point GuardBob Cousy
94.5%
Small ForwardPaul Pierce
94.5%
Power ForwardKevin McHale
94.5%
CenterRobert Parish
93.6%
Point GuardK.C. Jones
90.8%
Shooting GuardSam Jones
90.8%
Small ForwardJohn Havlicek
89.9%
Shooting GuardRay Allen
87.2%
Power ForwardAntoine Walker
83.5%
Point GuardIsaiah Thomas
82.6%
Point GuardDee Brown
80.7%
Shooting GuardJaylen Brown
80.7%
Point GuardDennis Johnson
78%
CenterDave Cowens
77.1%
CenterKendrick Perkins
76.1%
Point GuardJojo White
75.2%
Small ForwardJayson Tatum
75.2%
CenterAl Horford
68.8%
Power ForwardTommy Heinsohn
67%
Shooting GuardDanny Ainge
66.1%
Point GuardMarcus Smart
59.6%
Hint Answer % Correct
Shooting GuardReggie Lewis
57.8%
Small ForwardCedric Maxwell
56.9%
Small ForwardJeff Green
55%
Point GuardTiny Archibald
53.2%
Shooting GuardBill Sharman
50.5%
CenterBill Walton
49.5%
Shooting GuardAvery Bradley
45.9%
Small ForwardDon Nelson
37.6%
Power ForwardTom 'Satch' Sanders
36.7%
Power ForwardEd Macauley
32.1%
Point GuardKenny Anderson
31.2%
Shooting GuardFrank Ramsey
31.2%
Power ForwardPaul Silas
31.2%
Power ForwardBrandon Bass
28.4%
Power ForwardAl Jefferson
28.4%
Small ForwardBailey Howell
22.9%
CenterDino Radja
22.9%
Power ForwardJared Sullinger
22%
Shooting GuardCharlie Scott
16.5%
Small ForwardRick Fox
14.7%
CenterTony Battie
12.8%
Small ForwardKevin Gamble
8.3%
CenterRaef LaFrentz
8.3%
Shooting GuardDavid Wesley
6.4%
CenterPervis Ellison
1.8%

You're not logged in!

Compare scores with friends on all Sporcle quizzes.
OR
Log In

Sporcle TV

Today on Sporcle TV


Watch our educational content, quiz creation guides, and fun videos on Sporcle TV.

Show Comments

Extras

Top Quizzes Today


Score Distribution

Paid Content

Your Account Isn't Verified!

In order to create a playlist on Sporcle, you need to verify the email address you used during registration. Go to your Sporcle Settings to finish the process.

Report this User

Report this user for behavior that violates our Community Guidelines.

Details: